Načítá se...
النقد الأدب و مدارسه عند العرب /
| Hlavní autor: | |
|---|---|
| Médium: | Printed Book |
| LEADER | 00451nam a2200109Ia 4500 | ||
|---|---|---|---|
| 008 | 150527150527b xxu||||| |||| 00| 0 ara d | ||
| 082 | |a 809 | ||
| 100 | |a قصي الحسين | ||
| 245 | |c by قصي الحسين |a النقد الأدب و مدارسه عند العرب / | ||
| 942 | |c BK | ||
| 999 | |c 173948 |d 173948 | ||
| 952 | |0 0 |1 0 |2 ddc |4 0 |6 809_000000000000000_قصي_ا |7 0 |9 192654 |a ARA |b ARA |c ST1 |d 2015-05-27 |i 9192 |l 4 |m 2 |o 809 قصي/ا |p ARA9192 |r 2021-03-31 |s 2021-03-04 |y BK | ||